| 000 | 01148nam a2200313 i 4500 | ||
|---|---|---|---|
| 003 | EG-GICUC | ||
| 005 | 20260426194527.0 | ||
| 008 | 260418s1984 fr ||||fr|||| 00| 0 fre d | ||
| 040 |
_aEG-GiCUC _bfre _cEG-GiCUC _dEG-GiCUC _eRda |
||
| 041 | 0 | _afre | |
| 082 | 0 | 4 |
_221 _a343.51 _bR E |
| 092 | 0 | 4 | _221 |
| 099 | _aLaw1 10 343.51 R E 1984 | ||
| 110 | _kAssociation internationale de droit pénal | ||
| 245 | 0 | 0 |
_aRevue internationale de droit pénal : _bstructures et méthodes de la coopération répressive internationale et régionale (à l'exclusion de l'extradition) / _cAssociation internationale de droit pénal |
| 264 | 1 |
_aToulouse : _bEditions Erès, _c1984. |
|
| 300 |
_a425 page ; _billustration ; _c 24 cm. |
||
| 336 |
_2rda contenu _a texte |
||
| 337 |
_2rda medias _aOrdinateur |
||
| 338 |
_2 transporteur rda _a Ressource en ligne |
||
| 504 | _aComprend des références bibliographiques. | ||
| 546 | _aTexte en français | ||
| 650 | 1 | 4 |
_aCriminal law _2qrmak |
| 650 | 1 | 4 | _aInternational offenses |
| 651 | 1 | _2qrmak | |
| 856 | 4 | 0 | _uhttps://fll.law.cu.edu.eg/fulltext/bks/B10-10079.pdf |
| 905 | _a74 | ||
| 942 |
_2ddc _n0 _cBK _e21 |
||
| 999 |
_c71610 _d71610 |
||